000 00310nam a2200133Ia 4500
008 150301s2012 xx 000 0 und d
082 _a618.92
_bC12S
100 _aJOSHI, NC.
245 _aCLINICAL PEDIATRICS
260 _bELSEVIER
_aINDIA
_c2012
300 _a426
650 _aPEDIATRICS
942 _2ddc
_cBK
_01
999 _c6680
_d6680